| 000 | 00646nam a22001697a 4500 | ||
|---|---|---|---|
| 999 |
_c17435 _d17435 |
||
| 008 | 190215b xxu||||| |||| 00| 0 eng d | ||
| 050 |
_aHD9765 _b.Y38 2017 c.1 |
||
| 100 | _aYatich Kiptum Henry | ||
| 245 |
_aEffect of Energy Practices on attaining competitive advantage among manufacturing firms in Kenya _ba case study of selected manufacturers in Nairobi county _cHenry Yatich Kiptum |
||
| 260 |
_aKabarak, Nakuru, kenya _bKabarak University _c2017 |
||
| 300 | _axix, 194 leaves | ||
| 650 | _aEnergy Management | ||
| 650 | _aCompetitive advantage | ||
| 700 | _aProf.Ronald Chepkilot | ||
| 700 | _aDr. Aquilars M. Kalio | ||
| 942 |
_2lcc _cTHE |
||